| 000 | 01451nam a2200277Ia 4500 | ||
|---|---|---|---|
| 999 |
_c56034 _d56034 |
||
| 001 | 23134 | ||
| 003 | GE_BSU | ||
| 005 | 20221125122800.0 | ||
| 008 | 181216s1978ge xx |||||||||||||| ||geo|| | ||
| 040 | _cGE_BSU | ||
| 041 | _ageo | ||
| 080 | _a821.112.2-31 მ-27 | ||
| 100 |
_aმანი, თომას _916078 |
||
| 245 |
_aჯადოსნური მთა : _bრომანი / _cთომას მანი, გერმ. თარგმნა და წინასიტყვ. დაურთო დ. ფანჯიკიძემ. რედ. ნ. კაკაბაძე. მხატვ. ლ. გრიგოლია |
||
| 264 |
_aთბილისი : _bსაბჭ. საქართველო, _c1978. |
||
| 300 |
_a543გვ. : _b1ფ. პორტრ. ; _c21სმ. |
||
| 440 |
_aმსოფლიო ლიტერატურის ბიბლიოთეკა ; ტ. 72. სერია I _916099 |
||
| 501 | _aშენიშვნები: გვ. 534-541 | ||
| 541 | _h7 ლ. | ||
| 653 | _aჯადოსნური მთა : რომანი | ||
| 653 | _aმხატვრული ლიტერატურა | ||
| 700 |
_aფანჯიკიძე, დ. _eმთარგმნელი _916079 |
||
| 700 |
_aკაკაბაძე, ნ _eრედაქტორი _913359 |
||
| 700 |
_a გრიგოლია, ლ _eმხატვარი _916080 |
||
| 942 |
_cBK _2udc |
||